[Event "Wch U16"]
[Site "Montesilvano"]
[Date "2023.11.14"]
[Round "2"]
[White "Perets, Dmitry"]
[Black "Varela Velazquez, Carlos Francisco"]
[Result "1-0"]
[WhiteElo "2126"]
[BlackElo "1976"]
[PlyCount "81"]
[EventDate "2023.11.13"]
[EventType "swiss"]
[EventRounds "11"]
[EventCountry "ITA"]
[SourceTitle "CB48_2023"]
[SourceDate "2023.11.29"]
[SourceVersion "1"]
[SourceVersionDate "2023.11.29"]
[SourceQuality "1"]

1. Nf3 Nf6 2. c4 g6 3. g3 Bg7 4. Bg2 0-0 5. 0-0 d6 6. d4 Nc6 7. Nc3 e5 8. dxe5 dxe5 9. Bg5 Be6 10. Nd5 Bxd5 11. Bxf6 Bxf6 12. cxd5 Ne7 13. Ne1 Bg7 14. Rc1 Nf5 15. Bh3 Nd6 16. Qc2 Nb5 17. Qc4 a6 18. a4 Nd4 19. e3 b5 20. Qd3 e4 21. Qd1 Nf5 22. Bxf5 gxf5 23. axb5 axb5 24. Qb3 Qd6 25. Ng2 Ra4 26. Qxb5 Rb4 27. Qc6 Rd8 28. Qxd6 Rxd6 29. Rxc7 Rb8 30. Rd1 Be5 31. Nh4 Rf6 32. Rc6 Bd6 33. Rd2 Rd8 34. Rdc2 Kg7 35. Kg2 Kh6 36. b4 Kg5 37. b5 Be7 38. f4+ Kh5 39. Rd2 Bd6 40. h3 Kh6 41. g4 1-0

[Event "Copenhagen Killer Chess op"]
[Site "Copenhagen"]
[Date "2023.10.18"]
[Round "5"]
[White "Halmeenmaki, Tuomo"]
[Black "Perets, Dmitry"]
[Result "1-0"]
[WhiteElo "2067"]
[BlackElo "2154"]
[PlyCount "127"]
[EventDate "2023.10.14"]
[EventType "swiss"]
[EventRounds "9"]
[EventCountry "DEN"]
[SourceTitle "Mega2024 Update 01"]
[Source "Chessbase"]
[SourceDate "2023.11.12"]
[SourceVersion "1"]
[SourceVersionDate "2023.11.12"]
[SourceQuality "1"]

1. d4 Nf6 2. c4 c5 3. d5 b5 4. cxb5 a6 5. e3 axb5 6. Bxb5 Qa5+ 7. Nc3 Bb7 8. Bd2 g6 9. a4 Qc7 10. Nf3 Bg7 11. 0-0 0-0 12. e4 Na6 13. Bg5 h6 14. Bh4 d6 15. Nd2 Qc8 16. Nc4 Qd8 17. h3 Nc7 18. Qd3 Ba6 19. Bg3 Nh5 20. Bxa6 Nxg3 21. Qxg3 Rxa6 22. Nb5 Qd7 23. Nxc7 Qxc7 24. Ra3 Rb8 25. b3 Qb7 26. Kh1 Qb4 27. f4 Bb2 28. Ra2 Bd4 29. Ra3 Bb2 30. Ra2 Bd4 31. Ra3 Qc3 32. Qxc3 Bxc3 33. Rf3 Bd4 34. h4 Re8 35. e5 Kg7 36. Ra2 g5 37. g3 gxf4 38. gxf4 Rd8 39. Rg3+ Kh8 40. exd6 exd6 41. Re2 Bf6 42. h5 Ra7 43. Kg2 Rb7 44. Kf1 Rb4 45. Ree3 Kh7 46. Ke2 Rb7 47. Kd1 Bg7 48. Kc2 Bf8 49. Re4 Ra8 50. f5 Be7 51. Rge3 Bg5 52. Re8 Ra6 53. Re2 Rb4 54. R2e4 Rb7 55. Rc8 Rd7 56. Ree8 Kg7 57. Ra8 Rxa8 58. Rxa8 Kf6 59. a5 Kxf5 60. a6 Ke4 61. Nb6 Rc7 62. Re8+ Kd4 63. Nc8 c4 64. b4 1-0

[Event "Fredericia Kandidats"]
[Site "Fredericia"]
[Date "2023.05.20"]
[Round "3"]
[White "Madsen, Michael Bohring"]
[Black "Perets, Dmitry"]
[Result "1-0"]
[WhiteElo "2040"]
[BlackElo "2041"]
[PlyCount "66"]
[EventDate "2023.05.19"]
[EventType "swiss"]
[EventRounds "5"]
[EventCountry "DEN"]
[SourceTitle "EXT 2024"]
[Source "ChessBase"]
[SourceDate "2023.10.10"]
[SourceVersion "1"]
[SourceVersionDate "2023.10.10"]
[SourceQuality "1"]

1. d4 Nf6 2. c4 c5 3. d5 b5 4. cxb5 a6 5. bxa6 g6 6. a7 Rxa7 7. Nc3 Ba6 8. e4 Bxf1 9. Kxf1 d6 10. Nf3 Bg7 11. g3 0-0 12. Kg2 Nbd7 13. a4 Qa8 14. Ra3 Nb6 15. b3 Ne8 16. Nb5 Ra5 17. Nd2 f5 18. f3 Nf6 19. Qc2 fxe4 20. fxe4 Ng4 21. Nf3 Rc8 22. h3 Ne5 23. Nxe5 Bxe5 24. Rf1 Nd7 25. Ra2 Rb8 26. Rf2 Bd4 27. Nxd4 cxd4 28. Bb2 Qb7 29. Bxd4 Qxb3 30. Qc7 Rxa4 31. Qxd7 Rxd4 32. Qxe7 Rd3 33. Qxd6 Ra8 1-0

[Event "DEN-ch U16 rapid"]
[Site "Odense"]
[Date "2022.09.30"]
[Round "4"]
[White "Perets, Dmitry"]
[Black "Loftgaard, Mikkel Vinh"]
[Result "0-1"]
[WhiteElo "1791"]
[BlackElo "2267"]
[PlyCount "108"]
[EventDate "2022.09.30"]
[EventType "swiss"]
[EventRounds "5"]
[EventCountry "DEN"]
[SourceTitle "EXT 2024"]
[Source "ChessBase"]
[SourceDate "2023.10.10"]
[SourceVersion "1"]
[SourceVersionDate "2023.10.10"]
[SourceQuality "1"]

1. Nf3 Nf6 2. g3 b5 3. Bg2 Bb7 4. 0-0 e6 5. d3 d5 6. Nbd2 c5 7. Re1 Be7 8. c3 0-0 9. Qc2 Nbd7 10. e4 dxe4 11. Nxe4 Nxe4 12. dxe4 Qc7 13. c4 bxc4 14. Qxc4 a5 15. Qc3 e5 16. Bd2 Rfd8 17. Rad1 f6 18. Qc4+ Kh8 19. Qf7 Nf8 20. Bh3 Bc6 21. Nh4 Be8 22. Qb3 Bh5 23. g4 c4 24. Qg3 Bf7 25. g5 Rd3 26. Be3 fxg5 27. Nf5 h6 28. Bf1 Rxd1 29. Rxd1 Ng6 30. Rc1 Bf6 31. Bxc4 Bxc4 32. b3 Qc6 33. Rxc4 Qd7 34. Rc1 a4 35. b4 Qd3 36. Qf3 Nf4 37. Rc7 Qb1+ 38. Rc1 Qxa2 39. Bxf4 gxf4 40. Kh1 Qf7 41. Qa3 Qb7 42. f3 Qd7 43. Qc3 a3 44. Ra1 a2 45. Qb3 Qd2 46. b5 Rc8 47. Qxa2 Rc1+ 48. Rxc1 Qxa2 49. Rg1 Qb3 50. Kg2 Qxb5 51. Rf1 Bd8 52. h4 Kh7 53. h5 Bb6 54. Re1 Qb2+ 0-1

[Event "Kiev Spring Rapid op"]
[Site "Kiev"]
[Date "2021.07.16"]
[Round "1"]
[White "Perets, Dmitry"]
[Black "Omelja, Artem"]
[Result "0-1"]
[WhiteElo "1712"]
[BlackElo "2499"]
[PlyCount "63"]
[EventDate "2021.07.16"]
[EventType "swiss (rapid)"]
[EventRounds "7"]
[EventCountry "UKR"]
[SourceTitle "CBM 203 Extra"]
[Source "ChessBase"]
[SourceDate "2021.09.30"]
[SourceVersion "1"]
[SourceVersionDate "2021.09.30"]
[SourceQuality "1"]

1. Nf3 d5 2. g3 c5 3. Bg2 f6 4. 0-0 e5 5. d3 Nc6 6. c3 Be6 7. e4 d4 8. c4 Qd7 9. Nbd2 Nge7 10. a3 a5 11. b3 g5 12. Rb1 Ng6 13. Ne1 h5 14. Nc2 h4 15. b4 cxb4 16. axb4 Nxb4 17. Nxb4 Bxb4 18. Nb3 b6 19. Bd2 Bd6 20. Na1 Rb8 21. Nc2 Bc5 22. Qc1 Qh7 23. f3 hxg3 24. hxg3 Bxc4 25. dxc4 Nf4 26. gxf4 Qh2+ 27. Kf2 gxf4 28. Rh1 d3+ 29. Ne3 Qg3+ 30. Kf1 Kf7 31. Ng4 Rxh1+ 32. Bxh1 0-1